Verhandlungen der Am 9. und 10. October 1882 in Frankfurt A. M. Abgehaltenen Generalversammlung des Vereins Für Socialpolitik über Grundeigenthumsvertheilung und Erbrechtsreform; Internationale Fabrikgesetzgebung; Versicherungszwang und Armenverbände : Auf Grund der Stenographischen Niederschrift Hrsg. Vom Ständigen Ausschuß. (Schriften des Vereins Für Socialpolitik XXI).

Bibliographic Details
Main Author: Socialpolitik, Verein für.
Format: eBook
Language:German
Published: Berlin : Duncker & Humblot, 2014.
Edition:1st ed.
Series:Duncker and Humblot Reprints Series
Subjects:
Online Access:Click to View
LEADER 03239nam a22003853i 4500
001 EBC7101208
003 MiAaPQ
005 20240729202204.0
006 m o d |
007 cr cnu||||||||
008 240729s2014 xx o ||||0 ger d
020 |a 9783428572687  |q (electronic bk.) 
020 |z 9783428172689 
035 |a (MiAaPQ)EBC7101208 
035 |a (Au-PeEL)EBL7101208 
035 |a (OCoLC)1348480968 
040 |a MiAaPQ  |b eng  |e rda  |e pn  |c MiAaPQ  |d MiAaPQ 
100 1 |a Socialpolitik, Verein für. 
245 1 0 |a Verhandlungen der Am 9. und 10. October 1882 in Frankfurt A. M. Abgehaltenen Generalversammlung des Vereins Für Socialpolitik über Grundeigenthumsvertheilung und Erbrechtsreform; Internationale Fabrikgesetzgebung; Versicherungszwang und Armenverbände :  |b Auf Grund der Stenographischen Niederschrift Hrsg. Vom Ständigen Ausschuß. (Schriften des Vereins Für Socialpolitik XXI). 
250 |a 1st ed. 
264 1 |a Berlin :  |b Duncker & Humblot,  |c 2014. 
264 4 |c {copy}1882. 
300 |a 1 online resource (196 pages) 
336 |a text  |b txt  |2 rdacontent 
337 |a computer  |b c  |2 rdamedia 
338 |a online resource  |b cr  |2 rdacarrier 
490 1 |a Duncker and Humblot Reprints Series 
505 0 |a Intro -- Erste Sitzung. Montag, den 9. Oktober. (Die Sitzung wird um 9 1/2 Uhr eröffnet.) -- Referat von Professor Dr. v. Miaskowski (Breslau) über Grundeigenthumsvertheilung und Erbrechtsreform in Deutschland. -- Referat von Professor Dr. G. Cohn (Zürich) über Internationale Fabrikgesetzgebung. -- Correferat von Fabrikbesitzer Dr. Franck (Charlottenburg) über Internationale Fabrikgesetzgebung. -- Zweite Sitzung. Dienstag, den 10. October 1882. (Die Sitzung wird um 9 1/2 Uhr eröffnet.) -- Referat vom Bezirkspräsidenten z. T. Freiherrn von Reitzenstein (Freiburg i. B.) über Versicherungszwang und Armenverbände. -- I. -- II. -- Correferat von Redacteur A. Lammers (Bremen) über Versicherungszwang und Armenverbände. -- Correferat von Bürgermeister Adickes (Altona) über Versicherungszwang und Armenverbände. -- Unfallversicherung. -- Krankenversicherung. -- Invaliditäts-, Wittwen- und Waisenversicherung, -- Versicherung gegen Arbeitslosigkeit. -- Liste der Theilnehmer an der Versammlung des Vereins für Socialpolitik in Frankfurt am Main am 9. und 10. October 1882. -- Verzeichniß der Redner. 
588 |a Description based on publisher supplied metadata and other sources. 
590 |a Electronic reproduction. Ann Arbor, Michigan : ProQuest Ebook Central, 2024. Available via World Wide Web. Access may be limited to ProQuest Ebook Central affiliated libraries.  
655 4 |a Electronic books. 
776 0 8 |i Print version:  |a Socialpolitik, Verein für  |t Verhandlungen der Am 9. und 10. October 1882 in Frankfurt A. M. Abgehaltenen Generalversammlung des Vereins Für Socialpolitik über Grundeigenthumsvertheilung und Erbrechtsreform; Internationale Fabrikgesetzgebung; Versicherungszwang und Armenverbände  |d Berlin : Duncker & Humblot,c2014  |z 9783428172689 
797 2 |a ProQuest (Firm) 
830 0 |a Duncker and Humblot Reprints Series 
856 4 0 |u https://ebookcentral.proquest.com/lib/matrademy/detail.action?docID=7101208  |z Click to View